[Event "Wroclaw"]
[Site "?"]
[Date "2020.08.27"]
[Round "3.10"]
[White "Skowron, Mateusz"]
[Black "Psyk, Radoslaw"]
[Result "0-1"]
[BlackElo "2288"]
[WhiteElo "1489"]
[LiveChessVersion "1.4.8"]

1. e4 {[%clk 0:03:03]} Nf6 {[%clk 0:03:03]} 2. Nc3 {[%clk 0:03:03]} e5
{[%clk 0:02:58]} 3. Nf3 {[%clk 0:03:03]} Nc6 {[%clk 0:03:00]} 4. Bc4
{[%clk 0:03:03]} Nxe4 {[%clk 0:03:00]} 5. Nxe4 {[%clk 0:03:03]} d5
{[%clk 0:03:01]} 6. Bxd5 {[%clk 0:02:54]} Qxd5 {[%clk 0:03:02]} 7. d3
{[%clk 0:02:48]} Be7 {[%clk 0:03:00]} 8. O-O {[%clk 0:02:48]} O-O
{[%clk 0:03:00]} 9. Nc3 {[%clk 0:02:36]} Qd8 {[%clk 0:02:52]} 10. Re1
{[%clk 0:02:36]} Bg4 {[%clk 0:02:52]} 11. h3 {[%clk 0:02:32]} Bxf3
{[%clk 0:02:19]} 12. Qxf3 {[%clk 0:02:32]} Nd4 {[%clk 0:02:20]} 13. Qd1
{[%clk 0:02:30]} Bd6 {[%clk 0:02:18]} 14. Be3 {[%clk 0:02:26]} Nf5
{[%clk 0:02:19]} 15. Qf3 {[%clk 0:02:22]} Nxe3 {[%clk 0:02:05]} 16. Rxe3
{[%clk 0:02:22]} c6 {[%clk 0:02:05]} 17. Rae1 {[%clk 0:02:21]} Qb6
{[%clk 0:02:04]} 18. b3 {[%clk 0:02:16]} Qa5 {[%clk 0:02:03]} 19. Ne4
{[%clk 0:02:13]} Bb4 {[%clk 0:01:57]} 20. Ra1 {[%clk 0:02:08]} Rae8
{[%clk 0:01:53]} 21. Qg3 {[%clk 0:01:56]} f5 {[%clk 0:01:41]} 22. Ng5
{[%clk 0:00:58]} h6 {[%clk 0:01:39]} 23. Qh4 {[%clk 0:00:13]} hxg5
{[%clk 0:01:36]} 24. Qxg5 {[%clk 0:00:14]} Bd2 {[%clk 0:01:31]} 0-1

[Event "Wroclaw"]
[Site "?"]
[Date "2020.08.27"]
[Round "3.11"]
[White "Pacan-Milej, Kosma"]
[Black "Pietrzak, Tomasz"]
[Result "1-0"]
[BlackElo "1615"]
[WhiteElo "2113"]
[LiveChessVersion "1.4.8"]

1. d4 {[%clk 0:03:03]} Nf6 {[%clk 0:03:03]} 2. c4 {[%clk 0:03:04]} e6
{[%clk 0:03:04]} 3. Nf3 {[%clk 0:03:02]} Bb4+ {[%clk 0:03:04]} 4. Bd2
{[%clk 0:03:03]} Qe7 {[%clk 0:03:05]} 5. g3 {[%clk 0:03:04]} O-O {[%clk 0:03:01]}
6. Bg2 {[%clk 0:03:03]} Bxd2+ {[%clk 0:02:45]} 7. Qxd2 {[%clk 0:03:03]} d6
{[%clk 0:02:45]} 8. Nc3 {[%clk 0:02:56]} e5 {[%clk 0:02:33]} 9. O-O
{[%clk 0:02:56]} Nc6 {[%clk 0:02:26]} 10. d5 {[%clk 0:02:56]} Nb8
{[%clk 0:02:16]} 11. b4 {[%clk 0:02:24]} Nfd7 {[%clk 0:02:06]} 12. Rac1
{[%clk 0:02:21]} a5 {[%clk 0:01:56]} 13. Nb5 {[%clk 0:02:22]} Na6
{[%clk 0:01:43]} 14. a3 {[%clk 0:02:23]} f5 {[%clk 0:01:35]} 15. Rfd1
{[%clk 0:02:24]} Nf6 {[%clk 0:01:26]} 16. c5 {[%clk 0:02:18]} Bd7
{[%clk 0:00:50]} 17. cxd6 {[%clk 0:01:46]} cxd6 {[%clk 0:00:51]} 18. Nc7
{[%clk 0:01:43]} Nxc7 {[%clk 0:00:21]} 19. Rxc7 {[%clk 0:01:44]} Rfb8
{[%clk 0:00:13]} 20. Rdc1 {[%clk 0:01:41]} Ne8 {[%clk 0:00:13]} 21. R7c3
{[%clk 0:01:34]} b5 {[%clk 0:00:11]} 22. Ng5 {[%clk 0:01:30]} axb4
{[%clk 0:00:08]} 23. axb4 {[%clk 0:01:31]} Ra7 {[%clk 0:00:05]} 24. Ne6
{[%clk 0:01:29]} Bxe6 {[%clk 0:00:05]} 25. dxe6 {[%clk 0:01:30]} g6
{[%clk 0:00:05]} 26. Bd5 {[%clk 0:01:22]} Kg7 {[%clk 0:00:06]} 27. Qe3
{[%clk 0:00:50]} Ra4 {[%clk 0:00:04]} 28. Bc6 {[%clk 0:00:21]} Nf6
{[%clk 0:00:03]} 29. Bxb5 {[%clk 0:00:11]} Rxb5 {[%clk 0:00:03]} 30. Rc7
{[%clk 0:00:12]} Rb7 {[%clk 0:00:03]} 31. Rxe7+ {[%clk 0:00:13]} Rxe7
{[%clk 0:00:04]} 32. Qb3 {[%clk 0:00:14]} Raa7 {[%clk 0:00:04]} 33. b5
{[%clk 0:00:15]} Ne4 {[%clk 0:00:04]} 34. b6 {[%clk 0:00:14]} Rab7
{[%clk 0:00:05]} 35. Qb5 {[%clk 0:00:11]} Nc5 {[%clk 0:00:06]} 36. h4
{[%clk 0:00:10]} Rxe6 {[%clk 0:00:06]} 37. Ra1 {[%clk 0:00:10]} Ree7
{[%clk 0:00:07]} 38. Qc6 {[%clk 0:00:11]} Red7 {[%clk 0:00:07]} 39. Ra8
{[%clk 0:00:09]} Ne6 {[%clk 0:00:04]} 40. Qd5 {[%clk 0:00:07]} Kf7
{[%clk 0:00:05]} 41. Rh8 {[%clk 0:00:07]} Kf6 {[%clk 0:00:06]} 42. Re8
{[%clk 0:00:07]} Re7 {[%clk 0:00:06]} 43. Rxe7 {[%clk 0:00:08]} Rxe7
{[%clk 0:00:05]} 44. b7 {[%clk 0:00:09]} Re8 {[%clk 0:00:06]} 45. Qc6
{[%clk 0:00:08]} Nd8 {[%clk 0:00:03]} 46. Qxe8 {[%clk 0:00:09]} 1-0

[Event "Wroclaw"]
[Site "?"]
[Date "2020.08.27"]
[Round "4.1"]
[White "Szpar, Milosz"]
[Black "Teclaf, Pawel"]
[Result "0-1"]
[BlackElo "2383"]
[WhiteElo "2275"]
[LiveChessVersion "1.4.8"]

1. c4 {[%clk 0:03:02]} Nf6 {[%clk 0:02:58]} 2. Nf3 {[%clk 0:03:02]} g6 3. Nc3
{[%clk 0:02:57]} Bg7 {[%clk 0:02:57]} 4. d4 {[%clk 0:02:33]} d5 5. Bf4
{[%clk 0:02:33]} Be6 {[%clk 0:02:55]} 6. Rc1 {[%clk 0:02:06]} dxc4
{[%clk 0:02:47]} 7. e4 {[%clk 0:02:03]} O-O {[%clk 0:02:07]} 8. Ng5
{[%clk 0:01:37]} Bg4 {[%clk 0:02:03]} 9. Qd2 Nc6 {[%clk 0:01:51]} 10. h3
{[%clk 0:01:31]} Bc8 {[%clk 0:01:31]} 11. Nf3 Na5 {[%clk 0:01:32]} 12. Nb5
{[%clk 0:01:18]} b6 13. Nxc7 {[%clk 0:01:12]} Rb8 {[%clk 0:01:27]} 14. Nb5 Nxe4
{[%clk 0:01:19]} 15. Qe3 {[%clk 0:01:12]} Nd6 16. Nxd6 {[%clk 0:00:52]} exd6
{[%clk 0:01:21]} 17. Be2 Bb7 {[%clk 0:00:56]} 18. O-O {[%clk 0:00:53]} Bd5
{[%clk 0:00:57]} 19. Qa3 {[%clk 0:00:53]} Re8 {[%clk 0:00:59]} 20. Rfe1
{[%clk 0:00:48]} Bf8 21. Nd2 {[%clk 0:00:41]} b5 {[%clk 0:01:00]} 22. Nf1
{[%clk 0:00:33]} Qf6 23. Qg3 {[%clk 0:00:25]} Qxd4 {[%clk 0:00:46]} 24. Rcd1
{[%clk 0:00:22]} Qxb2 {[%clk 0:00:46]} 25. Rd2 {[%clk 0:00:24]} Qb4
{[%clk 0:00:47]} 26. Red1 Bb7 27. Rc1 {[%clk 0:00:12]} Rbd8 {[%clk 0:00:34]} 28.
Rdc2 {[%clk 0:00:08]} d5 29. Bd2 {[%clk 0:00:09]} Qa4 {[%clk 0:00:35]} 30. Bf3
{[%clk 0:00:07]} Nc6 {[%clk 0:00:36]} 31. Ne3 {[%clk 0:00:07]} Nd4
{[%clk 0:00:37]} 32. Rb2 {[%clk 0:00:06]} Bg7 {[%clk 0:00:34]} 33. Rbb1
{[%clk 0:00:08]} Nxf3+ {[%clk 0:00:33]} 34. Qxf3 {[%clk 0:00:09]} c3
{[%clk 0:00:33]} 35. Bxc3 {[%clk 0:00:07]} Bxc3 {[%clk 0:00:34]} 36. Rxc3
{[%clk 0:00:09]} d4 {[%clk 0:00:35]} 37. Qxb7 {[%clk 0:00:10]} dxc3
{[%clk 0:00:36]} 38. Ng4 {[%clk 0:00:12]} Qd4 {[%clk 0:00:32]} 39. Nh6+
{[%clk 0:00:13]} Kg7 {[%clk 0:00:32]} 40. Ng4 {[%clk 0:00:05]} c2
{[%clk 0:00:31]} 0-1

[Event "Wroclaw"]
[Site "?"]
[Date "2020.08.27"]
[Round "4.2"]
[White "Mis, Mieszko"]
[Black "Kokoszczynski, Jan"]
[Result "1/2-1/2"]
[BlackElo "2163"]
[WhiteElo "2370"]
[LiveChessVersion "1.4.8"]

1. d4 {[%clk 0:03:00]} d5 {[%clk 0:03:03]} 2. c4 {[%clk 0:03:00]} e6
{[%clk 0:03:04]} 3. Nf3 {[%clk 0:02:58]} Nf6 {[%clk 0:02:54]} 4. Nc3
{[%clk 0:02:59]} c5 {[%clk 0:02:55]} 5. Bg5 {[%clk 0:02:43]} dxc4
{[%clk 0:02:14]} 6. e4 {[%clk 0:02:17]} h6 {[%clk 0:02:14]} 7. Bxf6
{[%clk 0:01:55]} Qxf6 {[%clk 0:01:56]} 8. e5 {[%clk 0:01:54]} Qd8
{[%clk 0:01:58]} 9. Bxc4 {[%clk 0:01:53]} cxd4 {[%clk 0:01:48]} 10. Nxd4
{[%clk 0:01:43]} Be7 {[%clk 0:01:32]} 11. O-O {[%clk 0:01:30]} O-O
{[%clk 0:01:33]} 12. Qg4 {[%clk 0:01:24]} Nd7 {[%clk 0:01:29]} 13. Rfe1
{[%clk 0:01:11]} Qc7 {[%clk 0:01:21]} 14. Bb3 {[%clk 0:01:04]} a6
{[%clk 0:01:08]} 15. Rac1 {[%clk 0:01:00]} Qa5 {[%clk 0:00:51]} 16. Qg3
{[%clk 0:00:37]} Rd8 {[%clk 0:00:40]} 17. Rcd1 {[%clk 0:00:38]} Nf8
{[%clk 0:00:26]} 18. Qf3 {[%clk 0:00:28]} Qb6 {[%clk 0:00:13]} 19. Qe4
{[%clk 0:00:25]} Bd7 {[%clk 0:00:12]} 20. Rd2 {[%clk 0:00:13]} Bc6
{[%clk 0:00:12]} 21. Nxc6 {[%clk 0:00:11]} Qxc6 {[%clk 0:00:13]} 22. Qxc6
{[%clk 0:00:11]} bxc6 {[%clk 0:00:14]} 23. Red1 {[%clk 0:00:12]} Rxd2
{[%clk 0:00:12]} 24. Rxd2 {[%clk 0:00:13]} Rd8 25. Rxd8 {[%clk 0:00:11]} Bxd8
{[%clk 0:00:15]} 26. Bc4 {[%clk 0:00:12]} a5 {[%clk 0:00:16]} 27. Kf1
{[%clk 0:00:06]} Nd7 {[%clk 0:00:17]} 28. f4 {[%clk 0:00:08]} Bb6
{[%clk 0:00:15]} 29. Ne4 {[%clk 0:00:06]} Bd4 {[%clk 0:00:12]} 30. b3
{[%clk 0:00:06]} Nc5 {[%clk 0:00:13]} 31. Nd6 {[%clk 0:00:04]} a4
{[%clk 0:00:12]} 32. bxa4 {[%clk 0:00:05]} Nxa4 {[%clk 0:00:13]} 33. Ke2
{[%clk 0:00:05]} Bg1 {[%clk 0:00:11]} 34. h3 {[%clk 0:00:07]} Nc3+
{[%clk 0:00:11]} 35. Kf3 {[%clk 0:00:07]} Kf8 {[%clk 0:00:11]} 36. f5
{[%clk 0:00:08]} Bd4 {[%clk 0:00:07]} 37. fxe6 {[%clk 0:00:07]} Bxe5
{[%clk 0:00:08]} 38. Nxf7 {[%clk 0:00:07]} Bf6 {[%clk 0:00:09]} 39. Bb3
{[%clk 0:00:08]} Ke7 {[%clk 0:00:10]} 40. Nh8 {[%clk 0:00:09]} Nb5
{[%clk 0:00:09]} 41. Ng6+ {[%clk 0:00:09]} Kd6 {[%clk 0:00:11]} 42. Ke4
{[%clk 0:00:09]} Nc7 {[%clk 0:00:10]} 43. a4 {[%clk 0:00:09]} Nxe6
{[%clk 0:00:09]} 44. Bxe6 {[%clk 0:00:06]} Kxe6 {[%clk 0:00:10]} 45. a5
{[%clk 0:00:08]} Bd8 {[%clk 0:00:10]} 46. a6 {[%clk 0:00:08]} Bb6
{[%clk 0:00:11]} 47. Nf8+ {[%clk 0:00:04]} Kd6 {[%clk 0:00:11]} 48. Kd3
{[%clk 0:00:05]} Kc5 {[%clk 0:00:08]} 49. Ne6+ {[%clk 0:00:06]} Kb5
{[%clk 0:00:09]} 50. Nxg7 {[%clk 0:00:07]} Kxa6 {[%clk 0:00:10]} 51. g4
{[%clk 0:00:08]} Bd8 {[%clk 0:00:09]} 52. Nf5 {[%clk 0:00:07]} Bg5
{[%clk 0:00:10]} 53. h4 {[%clk 0:00:08]} Bc1 {[%clk 0:00:11]} 54. Kc4
{[%clk 0:00:05]} Kb6 {[%clk 0:00:12]} 55. Ne7 {[%clk 0:00:04]} Kc7
{[%clk 0:00:12]} 56. Nf5 {[%clk 0:00:05]} Kd7 {[%clk 0:00:13]} 57. Nd4
{[%clk 0:00:04]} Kd6 {[%clk 0:00:12]} 58. g5 {[%clk 0:00:04]} hxg5
{[%clk 0:00:12]} 59. hxg5 {[%clk 0:00:06]} Bxg5 {[%clk 0:00:13]} 60. Nxc6
{[%clk 0:00:06]} Kxc6 {[%clk 0:00:11]} 1/2-1/2

[Event "Wroclaw"]
[Site "?"]
[Date "2020.08.27"]
[Round "4.3"]
[White "Godzwon, Iwo"]
[Black "Kozak, Antoni"]
[Result "1-0"]
[BlackElo "2320"]
[WhiteElo "2193"]
[LiveChessVersion "1.4.8"]

1. c4 {[%clk 0:03:04]} e6 {[%clk 0:03:03]} 2. Nc3 {[%clk 0:03:03]} d5
{[%clk 0:03:04]} 3. e3 {[%clk 0:03:04]} Nf6 {[%clk 0:02:59]} 4. Nf3
{[%clk 0:03:05]} Nbd7 {[%clk 0:02:54]} 5. b3 {[%clk 0:03:06]} b6 {[%clk 0:02:46]}
6. Bb2 {[%clk 0:03:07]} Bb7 {[%clk 0:02:48]} 7. cxd5 {[%clk 0:03:04]} exd5
{[%clk 0:02:48]} 8. d4 {[%clk 0:03:05]} a6 {[%clk 0:02:49]} 9. Bd3
{[%clk 0:03:00]} Bd6 {[%clk 0:02:50]} 10. O-O {[%clk 0:03:00]} O-O
{[%clk 0:02:46]} 11. Ne2 {[%clk 0:02:56]} Qe7 {[%clk 0:02:38]} 12. Ng3
{[%clk 0:02:57]} g6 {[%clk 0:02:39]} 13. Rc1 {[%clk 0:02:45]} h5 {[%clk 0:02:29]}
14. Qc2 {[%clk 0:02:43]} Ne4 {[%clk 0:02:25]} 15. Ne5 {[%clk 0:02:39]} Nxg3
{[%clk 0:02:04]} 16. hxg3 {[%clk 0:02:39]} Rac8 {[%clk 0:02:02]} 17. Bxg6
{[%clk 0:02:29]} Nxe5 {[%clk 0:01:22]} 18. dxe5 {[%clk 0:02:10]} Bxe5
{[%clk 0:01:24]} 19. Bh7+ {[%clk 0:02:08]} Kg7 {[%clk 0:01:22]} 20. Bf5
{[%clk 0:02:09]} Rb8 {[%clk 0:01:10]} 21. b4 {[%clk 0:01:35]} c6 {[%clk 0:00:45]}
22. e4 {[%clk 0:01:29]} Bxb2 {[%clk 0:00:33]} 23. Qxb2+ {[%clk 0:01:30]} Qf6
{[%clk 0:00:35]} 24. Qe2 {[%clk 0:01:25]} dxe4 {[%clk 0:00:16]} 25. Qxh5
{[%clk 0:01:26]} Rh8 {[%clk 0:00:13]} 26. Qg4+ {[%clk 0:01:27]} Kf8
{[%clk 0:00:15]} 27. Qf4 {[%clk 0:00:41]} Re8 {[%clk 0:00:09]} 28. Rfe1
{[%clk 0:00:42]} Rh6 {[%clk 0:00:03]} 29. Rxe4 {[%clk 0:00:28]} Rxe4
{[%clk 0:00:04]} 30. Bxe4 {[%clk 0:00:29]} Qh8 {[%clk 0:00:03]} 31. Qb8+
{[%clk 0:00:30]} Kg7 {[%clk 0:00:05]} 32. Qxh8+ {[%clk 0:00:31]} Kxh8
{[%clk 0:00:05]} 33. a4 {[%clk 0:00:29]} b5 {[%clk 0:00:05]} 34. axb5
{[%clk 0:00:30]} axb5 {[%clk 0:00:06]} 35. Ra1 {[%clk 0:00:31]} 1-0

[Event "Wroclaw"]
[Site "?"]
[Date "2020.08.27"]
[Round "4.4"]
[White "Wierzbicki, Michal"]
[Black "Kulesza, Andrzej"]
[Result "0-1"]
[BlackElo "1749"]
[WhiteElo "1681"]
[LiveChessVersion "1.4.8"]

1. d4 Nf6 2. Nf3 e6 3. c4 b6 4. a3 Ba6 5. Qc2 Bb7 6. Nc3 c5 7. dxc5 bxc5 8. Bf4
d6 9. Rd1 a6 10. e3 Be7 11. Be2 O-O 12. O-O Qb6 13. Rd2 Nbd7 14. Rfd1 e5 15. Bg5
Qc6 16. Nh4 Rfd8 17. Nd5 Bf8 18. Nf5 Kh8 19. Bf3 e4 20. Bxe4 Nxe4 21. Qxe4 Re8
22. Qc2 Nb6 23. f3 Nxd5 24. cxd5 Qd7 25. e4 h6 26. Bh4 g6 27. Ne3 Bg7 28. Bf2
Rab8 29. Nc4 Bc8 30. f4 Bb7 31. Re2 Re7 32. Bh4 Ree8 33. Bg3 Ba8 34. Qd2 Bf8 35.
e5 dxe5 36. fxe5 Qb5 37. Qc2 Rbd8 38. d6 Qc6 39. Qc3 Bg7 40. Rdd2 Re6 41. Bf4
Rde8 42. Qg3 g5 43. Be3 Bxe5 44. Nxe5 Rxe5 45. Rc2 Qxd6 46. Bc1 Qd1+ 47. Qe1
Qxe1+ 48. Rxe1 Rxe1+ 49. Kf2 R1e5 50. b3 Rf5+ 51. Kg3 Kh7 52. Bb2 Kg6 53. h4 f6
54. h5+ Kxh5 55. Rc1 Kg6 56. Rh1 h5 57. Rd1 Re3+ 58. Kh2 Rxb3 0-1

[Event "Wroclaw"]
[Site "?"]
[Date "2020.08.27"]
[Round "4.5"]
[White "Fus, Jakub"]
[Black "Pacan-Milej, Kosma"]
[Result "1/2-1/2"]
[BlackElo "2113"]
[WhiteElo "2113"]
[LiveChessVersion "1.4.8"]

1. Nf3 {[%clk 0:03:02]} d5 {[%clk 0:03:03]} 2. d4 {[%clk 0:03:00]} Nf6
{[%clk 0:03:04]} 3. Bg5 {[%clk 0:02:56]} c6 {[%clk 0:02:57]} 4. e3
{[%clk 0:02:52]} Bg4 {[%clk 0:02:46]} 5. Nbd2 {[%clk 0:02:51]} Nbd7
{[%clk 0:02:44]} 6. c4 {[%clk 0:02:48]} e6 {[%clk 0:02:42]} 7. Bd3
{[%clk 0:02:44]} Be7 {[%clk 0:02:38]} 8. O-O {[%clk 0:02:39]} O-O
{[%clk 0:02:37]} 9. Qc2 {[%clk 0:02:40]} Bh5 {[%clk 0:02:02]} 10. Ne5
{[%clk 0:02:38]} h6 {[%clk 0:01:47]} 11. Bxf6 {[%clk 0:02:10]} Bxf6
{[%clk 0:01:30]} 12. Nxd7 {[%clk 0:02:03]} Qxd7 {[%clk 0:01:30]} 13. h3
{[%clk 0:02:04]} Qe8 {[%clk 0:01:17]} 14. f4 {[%clk 0:01:41]} Be7
{[%clk 0:00:51]} 15. g4 {[%clk 0:01:30]} Bg6 {[%clk 0:00:52]} 16. Bxg6
{[%clk 0:01:26]} fxg6 {[%clk 0:00:53]} 17. Nf3 {[%clk 0:01:18]} Bd6
{[%clk 0:00:34]} 18. c5 {[%clk 0:01:19]} Bc7 {[%clk 0:00:29]} 19. h4
{[%clk 0:00:57]} Qf7 {[%clk 0:00:22]} 20. Qd2 {[%clk 0:00:30]} Qf6
{[%clk 0:00:20]} 21. Kg2 {[%clk 0:00:30]} h5 {[%clk 0:00:17]} 22. gxh5
{[%clk 0:00:25]} gxh5 {[%clk 0:00:18]} 23. Ng5 {[%clk 0:00:10]} Qf5
{[%clk 0:00:20]} 24. Qe2 {[%clk 0:00:11]} g6 {[%clk 0:00:16]} 25. Rac1
{[%clk 0:00:12]} Bd8 {[%clk 0:00:15]} 26. Qf3 {[%clk 0:00:08]} Bxg5
{[%clk 0:00:14]} 27. hxg5 {[%clk 0:00:08]} Kg7 {[%clk 0:00:15]} 28. Rh1
{[%clk 0:00:06]} Qd3 {[%clk 0:00:16]} 29. Rhd1 {[%clk 0:00:06]} Qf5
{[%clk 0:00:16]} 30. Rh1 {[%clk 0:00:07]} Rh8 {[%clk 0:00:17]} 31. Qe2
{[%clk 0:00:05]} Qe4+ {[%clk 0:00:18]} 32. Qf3 {[%clk 0:00:07]} Qd3
{[%clk 0:00:18]} 33. Rhd1 {[%clk 0:00:08]} Qf5 {[%clk 0:00:19]} 34. Qh3
{[%clk 0:00:08]} Raf8 {[%clk 0:00:17]} 35. Qxf5 {[%clk 0:00:09]} Rxf5
{[%clk 0:00:17]} 36. b4 {[%clk 0:00:09]} a6 {[%clk 0:00:17]} 37. a4
{[%clk 0:00:10]} Rff8 {[%clk 0:00:14]} 38. Rb1 {[%clk 0:00:11]} Ra8
{[%clk 0:00:15]} 39. Rb2 {[%clk 0:00:12]} Kf7 {[%clk 0:00:15]} 40. Rdb1
{[%clk 0:00:13]} Ke7 {[%clk 0:00:14]} 41. Kf3 {[%clk 0:00:15]} Kd7
{[%clk 0:00:14]} 42. b5 {[%clk 0:00:13]} cxb5 {[%clk 0:00:10]} 43. axb5
{[%clk 0:00:14]} a5 {[%clk 0:00:12]} 44. Ra1 {[%clk 0:00:10]} Kc7
{[%clk 0:00:09]} 45. b6+ {[%clk 0:00:08]} Kc6 {[%clk 0:00:10]} 46. Rba2
{[%clk 0:00:08]} h4 {[%clk 0:00:08]} 47. Rxa5 {[%clk 0:00:08]} Rxa5
{[%clk 0:00:09]} 48. Rxa5 {[%clk 0:00:09]} h3 {[%clk 0:00:10]} 49. Ra1
{[%clk 0:00:10]} h2 {[%clk 0:00:11]} 50. Rh1 {[%clk 0:00:11]} Rh3+
{[%clk 0:00:11]} 51. Kf2 {[%clk 0:00:12]} Kb5 {[%clk 0:00:09]} 52. Rb1+
{[%clk 0:00:12]} Kc6 53. Rh1 {[%clk 0:00:12]} Kb5 {[%clk 0:00:12]} 54. Rb1+
{[%clk 0:00:09]} Kc6 {[%clk 0:00:13]} 55. Rh1 {[%clk 0:00:07]} 1/2-1/2

[Event "Wroclaw"]
[Site "?"]
[Date "2020.08.27"]
[Round "4.6"]
[White "Psyk, Radoslaw"]
[Black "Pytel, Maciej"]
[Result "1-0"]
[BlackElo "1867"]
[WhiteElo "2288"]
[LiveChessVersion "1.4.8"]

1. e4 {[%clk 0:03:04]} c5 {[%clk 0:03:02]} 2. Nc3 {[%clk 0:03:04]} Nc6
{[%clk 0:03:03]} 3. Bb5 {[%clk 0:03:05]} Nd4 {[%clk 0:02:57]} 4. Bc4
{[%clk 0:03:02]} e6 {[%clk 0:02:53]} 5. Nge2 {[%clk 0:03:02]} g6 {[%clk 0:02:52]}
6. O-O {[%clk 0:02:54]} a6 {[%clk 0:02:46]} 7. d3 {[%clk 0:02:52]} Bg7
{[%clk 0:02:46]} 8. f4 {[%clk 0:02:51]} Ne7 {[%clk 0:02:36]} 9. e5
{[%clk 0:02:10]} d5 {[%clk 0:02:25]} 10. exd6 {[%clk 0:02:11]} Qxd6
{[%clk 0:02:26]} 11. Ne4 {[%clk 0:02:11]} Qc7 {[%clk 0:02:14]} 12. Nxd4
{[%clk 0:02:04]} cxd4 {[%clk 0:01:53]} 13. Qe1 {[%clk 0:02:06]} h5
{[%clk 0:01:23]} 14. Bd2 {[%clk 0:01:57]} Nf5 {[%clk 0:01:23]} 15. Bb4
{[%clk 0:01:47]} b5 {[%clk 0:01:17]} 16. Bd5 {[%clk 0:01:14]} exd5
{[%clk 0:00:37]} 17. Nf6+ {[%clk 0:00:54]} Kd8 {[%clk 0:00:38]} 18. Nxd5
{[%clk 0:00:25]} Qc6 {[%clk 0:00:39]} 19. Ba5+ {[%clk 0:00:27]} Kd7
{[%clk 0:00:35]} 20. Nb6+ {[%clk 0:00:24]} Kd6 {[%clk 0:00:26]} 21. Qb4+
{[%clk 0:00:20]} Ke6 {[%clk 0:00:12]} 22. Rae1+ {[%clk 0:00:18]} Kf6
{[%clk 0:00:13]} 23. Nxa8 {[%clk 0:00:15]} Qxa8 {[%clk 0:00:10]} 24. Bc7
{[%clk 0:00:12]} g5 {[%clk 0:00:06]} 25. fxg5+ {[%clk 0:00:10]} Kg6
{[%clk 0:00:08]} 26. Be5 {[%clk 0:00:08]} Ne3 {[%clk 0:00:04]} 27. Rxe3
{[%clk 0:00:06]} dxe3 {[%clk 0:00:04]} 28. Bxg7 {[%clk 0:00:04]} Kxg7
{[%clk 0:00:05]} 29. Qd4+ {[%clk 0:00:05]} Kh7 {[%clk 0:00:06]} 30. Rxf7+
{[%clk 0:00:05]} 1-0

[Event "Wroclaw"]
[Site "?"]
[Date "2020.08.27"]
[Round "4.7"]
[White "Golenia, Wojciech"]
[Black "Iwanczuk, Krzysztof"]
[Result "1-0"]
[BlackElo "1799"]
[WhiteElo "1981"]
[LiveChessVersion "1.4.8"]

1. d4 {[%clk 0:03:03]} Nf6 {[%clk 0:03:04]} 2. Bf4 {[%clk 0:03:05]} d5
{[%clk 0:03:05]} 3. e3 {[%clk 0:03:06]} c5 {[%clk 0:03:06]} 4. Nf3
{[%clk 0:03:06]} Nc6 {[%clk 0:03:07]} 5. Nbd2 {[%clk 0:03:07]} Bf5
{[%clk 0:02:50]} 6. c3 {[%clk 0:02:44]} Qb6 {[%clk 0:02:41]} 7. Qb3
{[%clk 0:02:26]} c4 {[%clk 0:02:42]} 8. Qxb6 {[%clk 0:02:25]} axb6
{[%clk 0:02:43]} 9. a3 {[%clk 0:02:25]} e6 {[%clk 0:02:43]} 10. Nh4
{[%clk 0:02:18]} Be4 {[%clk 0:02:40]} 11. Nxe4 {[%clk 0:02:14]} Nxe4
{[%clk 0:02:36]} 12. Nf3 {[%clk 0:02:08]} b5 {[%clk 0:02:33]} 13. Rc1
{[%clk 0:02:06]} Be7 {[%clk 0:02:26]} 14. Nd2 {[%clk 0:02:08]} Nf6
{[%clk 0:02:16]} 15. h3 {[%clk 0:02:05]} O-O {[%clk 0:02:16]} 16. Be2
{[%clk 0:02:06]} Nd7 {[%clk 0:02:14]} 17. O-O {[%clk 0:02:01]} Nb6
{[%clk 0:02:16]} 18. e4 {[%clk 0:01:57]} Na4 {[%clk 0:02:15]} 19. Rc2
{[%clk 0:01:54]} Ra5 {[%clk 0:01:35]} 20. Bf3 {[%clk 0:01:50]} Nxb2
{[%clk 0:01:27]} 21. Rxb2 {[%clk 0:01:34]} Bxa3 {[%clk 0:01:27]} 22. Rbb1
{[%clk 0:01:23]} b4 {[%clk 0:01:20]} 23. cxb4 {[%clk 0:00:46]} Bxb4
{[%clk 0:01:21]} 24. exd5 {[%clk 0:00:43]} exd5 {[%clk 0:01:21]} 25. Nxc4
{[%clk 0:00:38]} dxc4 {[%clk 0:01:06]} 26. Bxc6 {[%clk 0:00:39]} bxc6
{[%clk 0:00:58]} 27. Rxb4 {[%clk 0:00:40]} c3 {[%clk 0:00:35]} 28. Rc4
{[%clk 0:00:41]} Rd8 {[%clk 0:00:29]} 29. Bc7 {[%clk 0:00:42]} 1-0

[Event "Wroclaw"]
[Site "?"]
[Date "2020.08.27"]
[Round "4.8"]
[White "Golenia, Jan"]
[Black "Posluszny, Tomasz"]
[Result "1-0"]
[BlackElo "1786"]
[WhiteElo "1956"]
[LiveChessVersion "1.4.8"]

1. c4 {[%clk 0:03:02]} e6 {[%clk 0:03:04]} 2. Nc3 {[%clk 0:03:03]} b6
{[%clk 0:03:05]} 3. Nf3 Bb7 4. g3 {[%clk 0:03:03]} c5 {[%clk 0:03:08]} 5. Bg2
{[%clk 0:03:04]} Nf6 {[%clk 0:03:10]} 6. O-O {[%clk 0:03:05]} Be7
{[%clk 0:03:11]} 7. d3 {[%clk 0:03:06]} d6 {[%clk 0:03:12]} 8. Rb1
{[%clk 0:03:07]} Nbd7 {[%clk 0:03:13]} 9. a3 {[%clk 0:03:09]} O-O
{[%clk 0:03:11]} 10. b4 {[%clk 0:03:09]} a6 {[%clk 0:03:02]} 11. Qc2
{[%clk 0:03:02]} Qc7 {[%clk 0:03:01]} 12. Bf4 {[%clk 0:02:58]} Rfd8
{[%clk 0:02:59]} 13. bxc5 {[%clk 0:02:58]} bxc5 {[%clk 0:02:55]} 14. Rb2
{[%clk 0:02:55]} Bc6 {[%clk 0:02:55]} 15. Rfb1 {[%clk 0:02:55]} Rdb8
{[%clk 0:02:52]} 16. e4 {[%clk 0:02:36]} e5 {[%clk 0:02:37]} 17. Bd2
{[%clk 0:02:29]} Rxb2 {[%clk 0:02:37]} 18. Rxb2 {[%clk 0:02:30]} Rb8
{[%clk 0:02:38]} 19. Qb1 {[%clk 0:02:14]} Rxb2 {[%clk 0:02:37]} 20. Qxb2
{[%clk 0:02:16]} Qb6 {[%clk 0:02:33]} 21. Qxb6 {[%clk 0:02:07]} Nxb6
{[%clk 0:02:34]} 22. Bg5 {[%clk 0:02:07]} Kf8 {[%clk 0:02:16]} 23. Nd2
{[%clk 0:02:02]} Na4 {[%clk 0:02:10]} 24. Nxa4 {[%clk 0:01:55]} Bxa4
{[%clk 0:02:11]} 25. Nb1 {[%clk 0:01:55]} Bc2 {[%clk 0:02:02]} 26. Nc3
{[%clk 0:01:56]} Bxd3 {[%clk 0:02:00]} 27. Bxf6 {[%clk 0:01:50]} Bxf6
{[%clk 0:02:00]} 28. Bf1 {[%clk 0:01:52]} Bxf1 {[%clk 0:01:52]} 29. Kxf1
{[%clk 0:01:53]} Bd8 {[%clk 0:01:52]} 30. Nd5 {[%clk 0:01:51]} g6
{[%clk 0:01:46]} 31. Ke2 {[%clk 0:01:52]} Ba5 {[%clk 0:01:40]} 32. f3
{[%clk 0:01:51]} Kg7 {[%clk 0:01:29]} 33. Ne7 {[%clk 0:01:47]} Bc7
{[%clk 0:01:17]} 34. g4 {[%clk 0:01:40]} Kf6 {[%clk 0:01:16]} 35. Nd5+
{[%clk 0:01:41]} 1-0